Lengua, literatura y folclor : antología /
Na minha lista:
| Autor principal: | |
|---|---|
| Formato: | Desconhecido |
| Idioma: | Spanish |
| Publicado em: |
San José, Costa Rica :
Editorial Nueva Década,
1988.
|
| Assuntos: | |
| Tags: |
Adicionar Tag
Sem tags, seja o primeiro a adicionar uma tag!
|
MARC
| LEADER | 000000000a22000000004500 | ||
|---|---|---|---|
| 001 | 009926 | ||
| 020 | |a 99942307 | ||
| 041 | 0 | |a spa | |
| 082 | 0 | 4 | |a 860 |b L566L |
| 100 | 1 | |a Lagos Oteiza, Belén | |
| 245 | 1 | 0 | |a Lengua, literatura y folclor : |b antología / |c Belén Lagos Oteiza. |
| 260 | 1 | |a San José, Costa Rica : |b Editorial Nueva Década, |c 1988. | |
| 300 | |a 312 páginas | ||
| 650 | 4 | |a COMUNICACION DE IDEAS | |
| 650 | 4 | |a LENGUAJE Y LENGUAS | |
| 999 | |c 15917 |d 15917 | ||
| 942 | |c BK |h 860 L566L |2 z | ||
